| 000 | 00779nam a2200229 a 4500 | ||
|---|---|---|---|
| 001 | 000019557 | ||
| 005 | 20250501120733.0 | ||
| 008 | 100630s1976 mx a 000 0 spa d | ||
| 040 |
_aDO-SdBNP _bspa _cBNPHU |
||
| 041 | 1 | 7 |
_aspa _heng _2Código de idioma MARC |
| 082 |
_a304.6 _bB877p |
||
| 100 | 1 |
_aBrown, Lester R., _941968 |
|
| 240 | 1 | 0 |
_aIn the human interest. _lEspañol. |
| 245 | 1 | 0 |
_aPor el bien de la humanidad / _cLester R. Brown ; traducción de Jaime Vásquez. |
| 260 |
_aMéxico : _bDiana, _c1976. |
||
| 300 |
_a267 p. : _bil. ; _c22 cm. |
||
| 534 |
_pTítulo original en inglés: _tIn the human interest. _cW. W. Norton & Company, 1974 |
||
| 650 | 0 |
_aDemografía _945443 |
|
| 650 | 4 |
_aControl natal _926741 |
|
| 700 | 1 |
_aVásquez, Jaime, _etr. _941969 |
|
| 049 | _aBNGR | ||
| 999 |
_c19073 _d19073 |
||